[Event "NED-ch internet"]
[Site "Playchess.com INT"]
[Date "2011.06.18"]
[Round "3.4"]
[White "Kleijn, Christov"]
[Black "Van Wely, Loek"]
[Result "0-1"]
[WhiteElo "2429"]
[BlackElo "2675"]
[PlyCount "92"]
[EventDate "2011.06.18"]
[EventType "k.o. (blitz)"]
[EventRounds "4"]
[EventCountry "GER"]
[SourceTitle "CBM 142 Extra"]
[Source "ChessBase"]
[SourceDate "2011.06.27"]
[SourceVersion "1"]
[SourceVersionDate "2011.06.27"]
[SourceQuality "1"]

1. e4 c5 2. Nf3 e6 3. Nc3 d6 4. d4 cxd4 5. Nxd4 Nf6 6. Be2 Be7 7. 0-0 0-0 8. f4 a6 9. g4 Nc6 10. g5 Nd7 11. Be3 Nxd4 12. Qxd4 e5 13. Qd2 exf4 14. Bxf4 Ne5 15. Nd5 Be6 16. Nxe7+ Qxe7 17. b3 Rfd8 18. c4 Qc7 19. Rad1 b5 20. cxb5 axb5 21. Rf2 Qb6 22. Be3 Qb7 23. Rf4 d5 24. exd5 Rxd5 25. Rd4 Rxd4 26. Qxd4 Ng6 27. Qd8+ Rxd8 28. Rxd8+ Nf8 29. Bc5 h6 30. Rxf8+ Kh7 31. Bd3+ Bf5 32. Bxf5+ g6 33. Bd4 gxf5 34. Rh8+ Kg6 35. Rg8+ Kh5 36. gxh6 Kxh6 37. Be3+ Kh7 38. Rg5 Qe4 39. Kf2 f4 40. Bd2 f5 41. Rh5+ Kg6 42. Rh4 Qd4+ 43. Ke1 Qg1+ 44. Ke2 Qg2+ 45. Ke1 f3 46. Rf4 Qe2# 0-1

[Event "NED-ch internet"]
[Site "Playchess.com INT"]
[Date "2011.06.18"]
[Round "2.4"]
[White "Reinderman, Dimitri"]
[Black "Kleijn, Christov"]
[Result "1-0"]
[WhiteElo "2617"]
[BlackElo "2429"]
[PlyCount "49"]
[EventDate "2011.06.18"]
[EventType "k.o. (blitz)"]
[EventRounds "4"]
[EventCountry "GER"]
[SourceTitle "CBM 142 Extra"]
[Source "ChessBase"]
[SourceDate "2011.06.27"]
[SourceVersion "1"]
[SourceVersionDate "2011.06.27"]
[SourceQuality "1"]

1. c4 c6 2. g3 d5 3. Nf3 Nf6 4. Bg2 Bg4 5. Ne5 Be6 6. cxd5 Bxd5 7. Nf3 e5 8. Nc3 e4 9. Ng5 e3 10. Nxd5 exf2+ 11. Kxf2 Bc5+ 12. d4 Ng4+ 13. Kg1 cxd5 14. dxc5 0-0 15. h3 Nf6 16. Kh2 Qe7 17. b4 Nc6 18. Bf4 Nh5 19. Qd2 h6 20. Nf3 Rfe8 21. Rhe1 Qf6 22. b5 Ne7 23. Nd4 Ng6 24. Bd6 Qf2 25. Rf1 1-0